[Event "1SM"]
[Site "Sharjah Chess Club"]
[Date "2017.03.28"]
[Round "6.28"]
[White "Alhuwar, Jasem"]
[Black "Kuybokarov, Temur"]
[Result "1/2-1/2"]
[BlackElo "2491"]
[WhiteElo "2260"]
[LiveChessVersion "1.4.8"]

1. Nf3 {[%clk 1:31:57]} d5 {[%clk 1:40:59]} 2. g3 {[%clk 1:32:16]} Bg4
{[%clk 1:41:13]} 3. Bg2 {[%clk 1:32:30]} c6 {[%clk 1:41:29]} 4. O-O
{[%clk 1:32:53]} Nd7 {[%clk 1:41:49]} 5. d3 {[%clk 1:33:16]} Ngf6
{[%clk 1:42:00]} 6. c4 {[%clk 1:33:39]} e6 {[%clk 1:42:18]} 7. cxd5
{[%clk 1:34:01]} exd5 {[%clk 1:42:43]} 8. Nc3 {[%clk 1:34:26]} Bc5
{[%clk 1:42:56]} 9. Qb3 {[%clk 1:34:40]} Bb6 {[%clk 1:43:18]} 10. Na4
{[%clk 1:35:00]} O-O {[%clk 1:43:28]} 11. Nxb6 {[%clk 1:35:24]} axb6
{[%clk 1:43:47]} 12. Qc2 {[%clk 1:35:13]} Re8 {[%clk 1:44:08]} 13. b3
{[%clk 1:33:22]} Bxf3 {[%clk 1:44:22]} 14. Bxf3 {[%clk 1:33:45]} Ne5
{[%clk 1:44:43]} 15. Bg2 {[%clk 1:33:49]} d4 {[%clk 1:45:03]} 16. Bb2
{[%clk 1:32:56]} Qd6 {[%clk 1:44:52]} 17. Qd2 {[%clk 1:31:13]} h5
{[%clk 1:41:49]} 18. Qf4 {[%clk 1:25:09]} Rad8 {[%clk 1:41:49]} 19. Rfe1
{[%clk 1:24:32]} b5 {[%clk 1:39:49]} 20. a3 {[%clk 1:19:51]} b6 {[%clk 1:38:54]}
21. Rad1 {[%clk 1:06:31]} Qe6 {[%clk 1:28:45]} 22. b4 {[%clk 1:06:16]} c5
{[%clk 1:26:51]} 23. bxc5 {[%clk 1:00:09]} bxc5 {[%clk 1:26:11]} 24. Qc1
{[%clk 1:00:34]} Qb6 {[%clk 1:14:59]} 25. e3 {[%clk 0:52:25]} dxe3
{[%clk 1:06:30]} 26. Rxe3 {[%clk 0:52:46]} Nfg4 {[%clk 1:01:21]} 27. Re2
{[%clk 0:52:32]} c4 {[%clk 1:01:16]} 28. dxc4 {[%clk 0:41:36]} bxc4
{[%clk 0:37:52]} 29. Rxd8 {[%clk 0:36:53]} Qxd8 {[%clk 0:29:29]} 30. Qe1
{[%clk 0:36:58]} Qb8 {[%clk 0:27:19]} 31. h3 {[%clk 0:12:20]} Qxb2
{[%clk 0:27:14]} 32. hxg4 {[%clk 0:12:44]} hxg4 {[%clk 0:23:14]} 33. Rxb2
{[%clk 0:13:05]} Nf3+ {[%clk 0:23:14]} 34. Bxf3 {[%clk 0:13:29]} Rxe1+
{[%clk 0:23:39]} 35. Kg2 {[%clk 0:13:54]} gxf3+ {[%clk 0:24:03]} 36. Kxf3
{[%clk 0:14:20]} Ra1 {[%clk 0:24:24]} 37. Rc2 {[%clk 0:12:06]} Rxa3+
{[%clk 0:24:47]} 38. Ke4 {[%clk 0:12:30]} Ra4 {[%clk 0:23:24]} 39. Kd4
{[%clk 0:11:44]} Kh7 {[%clk 0:23:00]} 40. Rxc4 {[%clk 0:12:03]} Rxc4+
{[%clk 0:23:24]} 41. Kxc4 {[%clk 0:12:31]} Kg6 {[%clk 0:23:43]} 42. Kd4
{[%clk 0:12:56]} Kf5 {[%clk 0:23:44]} 43. f3 Ke5+ 44. Ke4+ 1/2-1/2

[Event "1SM"]
[Site "Sharjah Chess Club"]
[Date "2017.03.28"]
[Round "6.29"]
[White "Safranska, Anda"]
[Black "Neverov, Valeriy"]
[Result "0-1"]
[BlackElo "2477"]
[WhiteElo "2217"]
[LiveChessVersion "1.4.8"]

1. Nf3 {[%clk 1:40:55]} g6 {[%clk 1:40:47]} 2. e4 {[%clk 1:40:28]} c5
{[%clk 1:40:08]} 3. c3 {[%clk 1:40:24]} d5 {[%clk 1:38:51]} 4. d3
{[%clk 1:39:57]} Bg7 {[%clk 1:37:00]} 5. Nbd2 {[%clk 1:37:02]} Nc6
{[%clk 1:33:28]} 6. Be2 {[%clk 1:37:02]} e6 {[%clk 1:28:55]} 7. O-O
{[%clk 1:36:53]} Nge7 {[%clk 1:29:21]} 8. Re1 {[%clk 1:36:52]} O-O
{[%clk 1:29:28]} 9. Nb3 {[%clk 1:35:03]} b6 {[%clk 1:28:05]} 10. exd5
{[%clk 1:31:41]} Nxd5 {[%clk 1:26:40]} 11. d4 {[%clk 1:31:37]} cxd4
{[%clk 1:26:24]} 12. Nfxd4 {[%clk 1:31:02]} Nxd4 {[%clk 1:24:22]} 13. Nxd4
{[%clk 1:31:24]} Bb7 {[%clk 1:24:23]} 14. Bf3 {[%clk 1:24:40]} Rc8
{[%clk 1:12:36]} 15. g3 {[%clk 0:56:28]} Rc7 {[%clk 1:04:58]} 16. Bg2
{[%clk 0:51:44]} Rd7 {[%clk 0:50:10]} 17. Qb3 {[%clk 0:48:43]} Qa8
{[%clk 0:49:49]} 18. Bf1 {[%clk 0:38:41]} Bxd4 {[%clk 0:36:33]} 19. cxd4
{[%clk 0:38:54]} Ne7 {[%clk 0:37:01]} 20. Be3 {[%clk 0:32:15]} Nf5
{[%clk 0:37:10]} 21. Qb4 {[%clk 0:28:24]} Rfd8 {[%clk 0:36:43]} 22. Red1
{[%clk 0:27:51]} Bf3 {[%clk 0:30:15]} 23. Rd3 {[%clk 0:27:31]} Nxe3
{[%clk 0:28:23]} 24. fxe3 {[%clk 0:25:10]} Qe4 {[%clk 0:26:00]} 25. Re1
{[%clk 0:22:35]} e5 {[%clk 0:25:48]} 26. Ra3 {[%clk 0:22:01]} Qg4
{[%clk 0:21:26]} 27. Qc3 {[%clk 0:20:27]} Be4 {[%clk 0:18:14]} 28. Be2
{[%clk 0:20:02]} Qh3 {[%clk 0:14:37]} 29. Bf1 {[%clk 0:20:26]} Qf5
{[%clk 0:13:46]} 30. Bg2 {[%clk 0:20:48]} Bxg2 {[%clk 0:13:53]} 31. Kxg2
{[%clk 0:21:12]} exd4 {[%clk 0:14:17]} 32. exd4 {[%clk 0:21:34]} Rxd4
{[%clk 0:14:26]} 33. Re2 {[%clk 0:16:04]} Rd3 {[%clk 0:10:33]} 34. Qc6
{[%clk 0:12:17]} Rxa3 {[%clk 0:10:35]} 35. Re8+ {[%clk 0:11:57]} Rxe8
{[%clk 0:10:03]} 36. Qxe8+ {[%clk 0:12:22]} Kg7 {[%clk 0:10:27]} 37. bxa3
{[%clk 0:12:47]} Qe6 {[%clk 0:10:37]} 38. Qa4 {[%clk 0:12:40]} Qxa2+
{[%clk 0:10:40]} 39. Kg1 {[%clk 0:12:52]} Qa1+ {[%clk 0:10:19]} 40. Kg2
{[%clk 0:13:15]} Qb2+ {[%clk 0:10:37]} 41. Kf3 {[%clk 0:12:56]} Qxh2
{[%clk 0:05:25]} 42. Qxa7 {[%clk 0:09:37]} Qh1+ {[%clk 0:05:03]} 43. Kf2
{[%clk 0:09:52]} Qh2+ {[%clk 0:05:28]} 44. Kf3 {[%clk 0:10:17]} Qb2
{[%clk 0:05:49]} 45. a4 {[%clk 0:09:58]} h5 {[%clk 0:06:02]} 46. Qc7
{[%clk 0:09:50]} Qd4 {[%clk 0:04:45]} 47. Kg2 {[%clk 0:10:00]} g5
{[%clk 0:04:06]} 48. Qc1 {[%clk 0:09:16]} Qe4+ {[%clk 0:04:01]} 49. Kf2
{[%clk 0:08:59]} Qd4+ {[%clk 0:02:26]} 50. Kg2 {[%clk 0:09:23]} Qe4+
{[%clk 0:01:43]} 51. Kf2 {[%clk 0:09:47]} Kg6 {[%clk 0:02:08]} 52. Qd1
{[%clk 0:08:54]} f6 {[%clk 0:01:15]} 53. Qd8 {[%clk 0:08:57]} Qe6
{[%clk 0:01:01]} 54. Kg2 {[%clk 0:07:39]} Qe2+ {[%clk 0:01:11]} 55. Kg1
{[%clk 0:08:03]} Qe1+ {[%clk 0:01:34]} 56. Kg2 {[%clk 0:08:27]} Qe2+
{[%clk 0:01:56]} 57. Kg1 {[%clk 0:08:51]} Qe3+ {[%clk 0:00:44]} 58. Kg2
{[%clk 0:09:15]} Qe4+ {[%clk 0:00:33]} 59. Kf2 {[%clk 0:09:16]} Qc2+
{[%clk 0:00:41]} 60. Kg1 {[%clk 0:09:25]} Qc5+ {[%clk 0:00:49]} 61. Kg2
{[%clk 0:09:27]} Qc6+ {[%clk 0:00:53]} 62. Kg1 {[%clk 0:09:40]} Kf5
{[%clk 0:00:45]} 63. Qd3+ {[%clk 0:07:24]} Ke5 {[%clk 0:00:39]} 64. Qe2+
{[%clk 0:05:35]} Kd6 {[%clk 0:00:34]} 65. Qd1+ {[%clk 0:05:47]} Qd5
{[%clk 0:00:46]} 66. Qa1 {[%clk 0:02:23]} Qe5 {[%clk 0:01:05]} 67. Qd1+
{[%clk 0:03:17]} Kc5 {[%clk 0:00:48]} 68. Qc2+ {[%clk 0:02:55]} Kb4
{[%clk 0:00:53]} 69. Qb1+ {[%clk 0:03:13]} Ka5 {[%clk 0:00:38]} 70. Kg2
{[%clk 0:02:12]} Qd5+ {[%clk 0:00:48]} 71. Kh2 {[%clk 0:01:39]} g4
{[%clk 0:00:33]} 72. Qe1+ {[%clk 0:01:02]} Kxa4 {[%clk 0:00:44]} 73. Qa1+
{[%clk 0:01:27]} Kb4 {[%clk 0:00:40]} 74. Qxf6 {[%clk 0:01:51]} b5
{[%clk 0:00:39]} 75. Qb2+ {[%clk 0:01:58]} Kc5 {[%clk 0:00:40]} 76. Qc3+
{[%clk 0:02:02]} Kb6 {[%clk 0:00:36]} 77. Qf6+ {[%clk 0:02:00]} Kc5
{[%clk 0:01:01]} 78. Qc3+ {[%clk 0:02:24]} Qc4 {[%clk 0:01:24]} 79. Qe5+
{[%clk 0:02:46]} Kb4 {[%clk 0:01:36]} 80. Qxh5 {[%clk 0:02:54]} Kb3
{[%clk 0:01:46]} 81. Qg5 {[%clk 0:02:22]} b4 {[%clk 0:02:05]} 82. Qe3+
{[%clk 0:02:43]} Kb2 {[%clk 0:01:00]} 83. Qe5+ {[%clk 0:02:56]} Ka2
{[%clk 0:01:19]} 84. Qa5+ {[%clk 0:03:19]} Kb1 {[%clk 0:01:36]} 85. Qe5
{[%clk 0:03:12]} b3 {[%clk 0:01:46]} 86. Qe1+ {[%clk 0:01:34]} Qc1
{[%clk 0:01:19]} 87. Qe6 {[%clk 0:01:49]} Qd1 {[%clk 0:01:05]} 88. Qf6
{[%clk 0:01:30]} b2 {[%clk 0:01:11]} 89. Qf4 {[%clk 0:01:23]} Qc2+
{[%clk 0:01:24]} 0-1

[Event "1SM"]
[Site "Sharjah Chess Club"]
[Date "2017.03.28"]
[Round "6.30"]
[White "Swayams, Mishra"]
[Black "Mammadova, Narmin"]
[Result "1/2-1/2"]
[BlackElo "2240"]
[WhiteElo "2450"]
[LiveChessVersion "1.4.8"]

1. c4 {[%clk 1:40:10]} c6 {[%clk 1:39:40]} 2. Nf3 {[%clk 1:39:11]} d5
{[%clk 1:39:59]} 3. d4 {[%clk 1:39:29]} Nf6 {[%clk 1:40:09]} 4. Nc3
{[%clk 1:39:54]} g6 {[%clk 1:40:29]} 5. Bf4 {[%clk 1:40:17]} Bg7 {[%clk 1:39:02]}
6. e3 {[%clk 1:40:42]} O-O {[%clk 1:37:59]} 7. Rc1 {[%clk 1:41:02]} a6
{[%clk 1:30:39]} 8. h3 {[%clk 1:31:50]} dxc4 {[%clk 1:24:48]} 9. Bxc4
{[%clk 1:32:10]} b5 {[%clk 1:23:58]} 10. Bb3 {[%clk 1:27:17]} Bb7
{[%clk 1:21:15]} 11. O-O {[%clk 1:27:34]} Nbd7 {[%clk 1:19:57]} 12. Qe2
{[%clk 1:27:22]} c5 {[%clk 1:06:55]} 13. Rfd1 {[%clk 1:24:26]} c4
{[%clk 1:05:56]} 14. Bc2 {[%clk 1:24:47]} Nb6 {[%clk 1:04:54]} 15. e4
{[%clk 1:24:09]} b4 {[%clk 0:57:52]} 16. Nb1 {[%clk 1:24:08]} Rc8
{[%clk 0:51:40]} 17. Nbd2 {[%clk 1:20:28]} Bc6 {[%clk 0:41:57]} 18. Qe1
{[%clk 0:59:56]} a5 {[%clk 0:34:46]} 19. d5 {[%clk 0:58:03]} Bb7 {[%clk 0:33:39]}
20. Nf1 {[%clk 0:55:10]} Nfd7 {[%clk 0:29:51]} 21. Nd4 {[%clk 0:54:52]} Nc5
{[%clk 0:24:29]} 22. Qe3 {[%clk 0:54:14]} Nba4 {[%clk 0:19:42]} 23. Bxa4
{[%clk 0:36:38]} Nxa4 {[%clk 0:20:11]} 24. Rc2 {[%clk 0:36:53]} c3
{[%clk 0:16:32]} 25. bxc3 {[%clk 0:34:36]} Nxc3 {[%clk 0:16:55]} 26. Rdd2
{[%clk 0:33:02]} Qd7 {[%clk 0:13:42]} 27. Ng3 {[%clk 0:30:28]} Nb1
{[%clk 0:12:45]} 28. Rxc8 {[%clk 0:26:55]} Rxc8 {[%clk 0:13:09]} 29. Rd1
{[%clk 0:27:09]} Nc3 {[%clk 0:12:40]} 30. Rd2 {[%clk 0:27:37]} Nb1
{[%clk 0:11:36]} 31. Rd1 {[%clk 0:27:59]} Nc3 {[%clk 0:11:29]} 32. Rd2
{[%clk 0:28:15]} Nb1 {[%clk 0:11:20]} 1/2-1/2

[Event "1SM"]
[Site "Sharjah Chess Club"]
[Date "2017.03.28"]
[Round "6.31"]
[White "Shyaamnikhil, P"]
[Black "Sadhwani, Raunak"]
[Result "1/2-1/2"]
[BlackElo "2218"]
[WhiteElo "2440"]
[LiveChessVersion "1.4.8"]

1. c4 {[%clk 1:40:27]} c5 {[%clk 1:40:36]} 2. g3 {[%clk 1:39:43]} g6
{[%clk 1:40:45]} 3. Bg2 {[%clk 1:40:06]} Bg7 {[%clk 1:41:09]} 4. Nf3
{[%clk 1:40:11]} Nf6 {[%clk 1:41:31]} 5. O-O {[%clk 1:40:18]} O-O
{[%clk 1:41:37]} 6. d4 {[%clk 1:37:10]} cxd4 {[%clk 1:41:37]} 7. Nxd4
{[%clk 1:37:35]} d5 {[%clk 1:33:44]} 8. cxd5 {[%clk 1:33:57]} Nxd5
{[%clk 1:33:15]} 9. Nb5 {[%clk 1:31:02]} Be6 {[%clk 1:23:37]} 10. Bxd5
{[%clk 1:22:52]} Bxd5 {[%clk 1:23:15]} 11. N1c3 {[%clk 1:23:17]} Bxc3
{[%clk 1:13:34]} 12. Nxc3 {[%clk 1:23:41]} Be6 {[%clk 1:10:40]} 13. Qa4
{[%clk 1:21:56]} Nc6 {[%clk 1:08:18]} 14. Bh6 {[%clk 1:21:59]} Re8
{[%clk 1:08:41]} 15. Rfd1 {[%clk 1:16:35]} Qa5 {[%clk 1:08:06]} 16. Qxa5
{[%clk 1:11:32]} Nxa5 {[%clk 1:06:44]} 17. Nb5 {[%clk 1:11:53]} Rac8
{[%clk 0:46:37]} 18. Nxa7 {[%clk 1:10:30]} Rc2 {[%clk 0:46:55]} 19. b4
{[%clk 0:51:11]} Nc4 {[%clk 0:39:04]} 20. Nb5 {[%clk 0:51:20]} Rxe2
{[%clk 0:37:41]} 21. Nc7 {[%clk 0:38:48]} Rc8 {[%clk 0:36:07]} 22. Kf1
{[%clk 0:28:35]} Re4 {[%clk 0:33:55]} 23. Nxe6 {[%clk 0:28:40]} Rxe6
{[%clk 0:32:50]} 24. Rd7 {[%clk 0:22:23]} b5 {[%clk 0:30:47]} 25. Rad1
{[%clk 0:15:50]} Nd6 {[%clk 0:18:50]} 26. Rd5 {[%clk 0:08:47]} Ra8
{[%clk 0:14:30]} 27. a3 {[%clk 0:06:31]} f6 {[%clk 0:13:23]} 28. h4
{[%clk 0:03:43]} Kf7 {[%clk 0:11:21]} 29. Bc1 {[%clk 0:03:09]} h5
{[%clk 0:09:50]} 30. Rc7 {[%clk 0:03:25]} Ra6 {[%clk 0:09:26]} 31. Bf4
{[%clk 0:01:50]} Ke8 {[%clk 0:07:23]} 32. Rc3 {[%clk 0:01:41]} Rb6
{[%clk 0:07:00]} 33. Be3 {[%clk 0:01:32]} Ra6 {[%clk 0:07:01]} 34. Bf4
{[%clk 0:01:53]} Rb6 {[%clk 0:07:26]} 35. Be3 {[%clk 0:00:57]} Ra6
{[%clk 0:07:55]} 36. Bf4 {[%clk 0:01:06]} 1/2-1/2

[Event "1SM"]
[Site "Sharjah Chess Club"]
[Date "2017.03.28"]
[Round "6.32"]
[White "Abdumalik, Zhansaya"]
[Black "Aditya, Mittal"]
[Result "0-1"]
[BlackElo "2183"]
[WhiteElo "2430"]
[LiveChessVersion "1.4.8"]

1. e4 {[%clk 1:40:30]} c5 {[%clk 1:40:30]} 2. Nf3 {[%clk 1:40:30]} d6
{[%clk 1:40:30]} 3. d4 {[%clk 1:40:30]} cxd4 {[%clk 1:40:30]} 4. Nxd4
{[%clk 1:40:30]} Nf6 {[%clk 1:40:30]} 5. Nc3 {[%clk 1:40:30]} a6 {[%clk 1:40:30]}
6. h3 {[%clk 1:43:13]} e6 {[%clk 1:43:11]} 7. g4 {[%clk 1:43:30]} b5
{[%clk 1:43:35]} 8. Bg2 {[%clk 1:43:35]} Bb7 {[%clk 1:43:58]} 9. O-O
{[%clk 1:43:22]} Qc7 {[%clk 1:44:07]} 10. g5 {[%clk 1:40:55]} Nfd7
{[%clk 1:43:38]} 11. a4 {[%clk 1:36:40]} b4 {[%clk 1:34:29]} 12. Na2
{[%clk 1:36:50]} Nc5 {[%clk 1:33:21]} 13. Re1 {[%clk 1:29:18]} e5
{[%clk 1:20:29]} 14. Nf5 {[%clk 1:25:47]} a5 {[%clk 1:20:03]} 15. b3
{[%clk 1:23:56]} Nc6 {[%clk 0:57:29]} 16. c3 {[%clk 1:20:37]} Rd8
{[%clk 0:49:34]} 17. Ne3 {[%clk 1:13:34]} Ba6 {[%clk 0:46:44]} 18. Bd2
{[%clk 1:09:13]} bxc3 {[%clk 0:36:22]} 19. Nd5 {[%clk 1:03:53]} Qb7
{[%clk 0:36:15]} 20. Bxc3 {[%clk 1:02:52]} Be7 {[%clk 0:30:37]} 21. Bd2
{[%clk 0:47:50]} O-O {[%clk 0:25:06]} 22. Rb1 {[%clk 0:42:17]} Nd3
{[%clk 0:19:55]} 23. h4 {[%clk 0:29:55]} Nxe1 {[%clk 0:15:54]} 24. Qxe1
{[%clk 0:29:10]} Ra8 {[%clk 0:07:34]} 25. Qe3 {[%clk 0:24:36]} Bd8
{[%clk 0:06:39]} 26. h5 {[%clk 0:17:28]} Nd4 {[%clk 0:06:18]} 27. Kh2
{[%clk 0:17:13]} Qc8 {[%clk 0:05:49]} 28. b4 {[%clk 0:14:18]} Qg4
{[%clk 0:05:04]} 29. b5 {[%clk 0:12:23]} Qxh5+ {[%clk 0:04:54]} 30. Kg1
{[%clk 0:10:48]} Bb7 {[%clk 0:05:17]} 31. Nac3 {[%clk 0:07:53]} Rc8
{[%clk 0:04:44]} 32. Kf1 {[%clk 0:06:37]} Ne6 {[%clk 0:04:00]} 33. Qa7
{[%clk 0:05:11]} Nc5 {[%clk 0:04:12]} 34. Nb6 {[%clk 0:04:59]} Rc7
{[%clk 0:02:16]} 35. Qxa5 {[%clk 0:04:51]} f5 {[%clk 0:02:22]} 36. gxf6
{[%clk 0:04:12]} Rcf7 {[%clk 0:02:27]} 37. Be3 {[%clk 0:03:19]} Rxf6
{[%clk 0:01:57]} 38. Rb2 {[%clk 0:03:34]} Nd3 {[%clk 0:01:26]} 39. Rd2
{[%clk 0:03:37]} Nf4 {[%clk 0:01:35]} 40. Bxf4 {[%clk 0:03:00]} exf4
{[%clk 0:02:01]} 41. Qa7 {[%clk 0:02:40]} f3 {[%clk 0:01:49]} 42. Qxb7
{[%clk 0:03:07]} fxg2+ {[%clk 0:02:10]} 43. Kxg2 {[%clk 0:03:36]} Qg5+
{[%clk 0:02:26]} 44. Kf1 {[%clk 0:03:52]} Qxd2 {[%clk 0:02:50]} 45. Qd5+
{[%clk 0:04:12]} Qxd5 {[%clk 0:03:18]} 46. Nbxd5 {[%clk 0:04:41]} Rxf2+
{[%clk 0:03:35]} 47. Ke1 {[%clk 0:05:08]} Ba5 {[%clk 0:03:41]} 0-1

[Event "1SM"]
[Site "Sharjah Chess Club"]
[Date "2017.03.28"]
[Round "6.33"]
[White "Nishant, Malhotra"]
[Black "Abdusattorov, Nodirbek"]
[Result "0-1"]
[BlackElo "2429"]
[WhiteElo "2198"]
[LiveChessVersion "1.4.8"]

1. d4 {[%clk 1:40:55]} Nf6 {[%clk 1:40:38]} 2. c4 {[%clk 1:41:16]} e6
{[%clk 1:40:54]} 3. g3 {[%clk 1:41:37]} d5 {[%clk 1:41:16]} 4. Nf3
{[%clk 1:41:58]} Bb4+ {[%clk 1:41:18]} 5. Bd2 {[%clk 1:41:57]} Be7
{[%clk 1:41:21]} 6. Bg2 {[%clk 1:42:06]} O-O {[%clk 1:41:26]} 7. O-O
{[%clk 1:41:57]} c6 {[%clk 1:41:49]} 8. Qc2 {[%clk 1:41:43]} b6 {[%clk 1:41:59]}
9. Bf4 {[%clk 1:40:47]} Nbd7 {[%clk 1:39:14]} 10. Rd1 {[%clk 1:38:08]} Ba6
{[%clk 1:37:18]} 11. Ne5 {[%clk 1:35:02]} Rc8 {[%clk 1:23:08]} 12. cxd5
{[%clk 1:32:55]} cxd5 {[%clk 1:12:53]} 13. Nc6 {[%clk 1:31:04]} Bb5
{[%clk 1:10:54]} 14. Nxe7+ {[%clk 1:20:56]} Qxe7 {[%clk 1:11:23]} 15. Nc3
{[%clk 1:20:51]} Nh5 {[%clk 1:07:14]} 16. Be3 {[%clk 1:05:40]} f5
{[%clk 1:06:30]} 17. Qd2 {[%clk 1:04:04]} Bc6 {[%clk 1:06:16]} 18. Rdc1
{[%clk 1:02:26]} Nhf6 {[%clk 1:01:52]} 19. f3 {[%clk 1:00:37]} b5
{[%clk 0:58:18]} 20. Nd1 {[%clk 0:59:19]} b4 {[%clk 0:56:56]} 21. Nf2
{[%clk 0:54:02]} Bb5 {[%clk 0:56:41]} 22. Nd3 {[%clk 0:51:09]} a5
{[%clk 0:56:37]} 23. Ne5 {[%clk 0:41:37]} Qd6 {[%clk 0:52:46]} 24. Bf4
{[%clk 0:38:20]} Qb6 {[%clk 0:52:44]} 25. Nxd7 {[%clk 0:35:16]} Nxd7
{[%clk 0:52:29]} 26. e4 {[%clk 0:34:17]} fxe4 {[%clk 0:51:32]} 27. fxe4
{[%clk 0:34:41]} dxe4 {[%clk 0:49:18]} 28. Bxe4 {[%clk 0:33:31]} Nf6
{[%clk 0:48:04]} 29. Bg2 {[%clk 0:32:36]} Bc6 {[%clk 0:48:02]} 30. Be5
{[%clk 0:29:18]} Bxg2 {[%clk 0:44:02]} 31. Kxg2 {[%clk 0:24:32]} Nd5
{[%clk 0:40:54]} 32. Kg1 {[%clk 0:19:50]} Qb7 {[%clk 0:39:42]} 33. Rxc8
{[%clk 0:15:49]} Qxc8 {[%clk 0:39:24]} 34. Qg5 {[%clk 0:15:32]} Qd7
{[%clk 0:36:00]} 35. Rf1 {[%clk 0:15:27]} Rxf1+ {[%clk 0:36:25]} 36. Kxf1
{[%clk 0:15:53]} a4 {[%clk 0:36:48]} 37. Qc1 {[%clk 0:15:06]} Qf7+
{[%clk 0:36:02]} 38. Kg1 {[%clk 0:14:30]} h6 {[%clk 0:35:58]} 39. Qc8+
{[%clk 0:08:04]} Kh7 {[%clk 0:36:04]} 40. Qc2+ {[%clk 0:07:57]} Qg6
{[%clk 0:35:37]} 41. Qf2 {[%clk 0:01:53]} Qb1+ {[%clk 0:35:20]} 42. Kg2
{[%clk 0:02:01]} Qe4+ {[%clk 0:35:42]} 43. Kg1 {[%clk 0:01:21]} Kg8
{[%clk 0:34:34]} 44. h3 {[%clk 0:01:10]} b3 {[%clk 0:33:52]} 45. axb3
{[%clk 0:01:30]} axb3 {[%clk 0:34:20]} 46. Kh2 {[%clk 0:01:10]} Nb4
{[%clk 0:34:20]} 47. Qg2 {[%clk 0:00:36]} Qxg2+ {[%clk 0:33:42]} 48. Kxg2
{[%clk 0:01:05]} Nd3 {[%clk 0:34:12]} 49. Kf1 {[%clk 0:00:39]} Nxb2
{[%clk 0:34:30]} 50. d5 {[%clk 0:00:35]} Nc4 {[%clk 0:34:45]} 0-1

[Event "1SM"]
[Site "Sharjah Chess Club"]
[Date "2017.03.28"]
[Round "6.34"]
[White "Harini, S."]
[Black "Asgarizadeh, Ahmad"]
[Result "0-1"]
[BlackElo "2410"]
[WhiteElo "2150"]
[LiveChessVersion "1.4.8"]

1. e4 {[%clk 1:40:55]} e5 {[%clk 1:39:53]} 2. Nf3 {[%clk 1:41:18]} Nc6
{[%clk 1:40:19]} 3. Bb5 {[%clk 1:41:38]} a6 {[%clk 1:40:42]} 4. Ba4
{[%clk 1:42:05]} Nf6 {[%clk 1:41:03]} 5. O-O {[%clk 1:42:27]} Be7
{[%clk 1:41:24]} 6. Re1 {[%clk 1:42:51]} b5 {[%clk 1:41:49]} 7. Bb3
{[%clk 1:43:16]} d6 {[%clk 1:42:12]} 8. c3 {[%clk 1:43:14]} O-O {[%clk 1:42:34]}
9. h3 {[%clk 1:43:40]} Bb7 {[%clk 1:42:48]} 10. d4 {[%clk 1:43:18]} Nd7
{[%clk 1:42:39]} 11. a4 {[%clk 1:40:51]} Na5 {[%clk 1:29:23]} 12. Bc2
{[%clk 1:36:44]} c5 {[%clk 1:29:11]} 13. Nbd2 {[%clk 1:18:32]} exd4
{[%clk 1:25:34]} 14. cxd4 {[%clk 1:18:55]} Nc6 {[%clk 1:25:32]} 15. d5
{[%clk 1:18:18]} Nb4 {[%clk 1:23:23]} 16. Bb1 {[%clk 1:18:20]} Bf6
{[%clk 1:21:00]} 17. Ra3 {[%clk 1:14:13]} Re8 {[%clk 1:18:08]} 18. Nf1
{[%clk 1:13:23]} Nb6 {[%clk 1:17:16]} 19. axb5 axb5 {[%clk 1:15:14]} 20. Rxa8
{[%clk 1:06:36]} Qxa8 {[%clk 1:10:08]} 21. Bf4 {[%clk 1:04:37]} Qd8
{[%clk 0:54:22]} 22. b3 {[%clk 0:56:15]} Qd7 {[%clk 0:43:52]} 23. Qc1
{[%clk 0:45:02]} g6 {[%clk 0:33:01]} 24. Ne3 {[%clk 0:41:31]} h5 {[%clk 0:32:35]}
25. Kh2 {[%clk 0:34:49]} Bg7 {[%clk 0:26:16]} 26. g4 {[%clk 0:24:19]} Bc8
{[%clk 0:26:00]} 27. Rg1 {[%clk 0:24:17]} hxg4 {[%clk 0:23:04]} 28. hxg4
{[%clk 0:24:14]} Na6 {[%clk 0:18:22]} 29. Rg3 {[%clk 0:13:17]} c4
{[%clk 0:17:38]} 30. bxc4 {[%clk 0:06:39]} Nxc4 {[%clk 0:17:19]} 31. Nxc4
{[%clk 0:05:23]} bxc4 {[%clk 0:17:47]} 32. Qxc4 {[%clk 0:05:31]} Nc5
{[%clk 0:18:16]} 33. Ng5 {[%clk 0:03:33]} Ba6 {[%clk 0:18:09]} 34. Qb4
{[%clk 0:03:54]} Qc7 {[%clk 0:17:48]} 35. Rf3 {[%clk 0:01:09]} Be2
{[%clk 0:16:16]} 36. Re3 {[%clk 0:00:36]} Rb8 {[%clk 0:15:23]} 37. Qe1
{[%clk 0:00:51]} Bxg4 {[%clk 0:15:51]} 38. Kg3 {[%clk 0:01:13]} Bh5
{[%clk 0:15:17]} 39. Bc2 {[%clk 0:01:05]} Qe7 {[%clk 0:14:12]} 40. Ra3
{[%clk 0:00:44]} Be5 {[%clk 0:14:27]} 41. Nh3 {[%clk 0:00:35]} Bxf4+
{[%clk 0:14:51]} 42. Nxf4 {[%clk 0:00:36]} Qg5+ {[%clk 0:15:15]} 43. Kh2
{[%clk 0:01:02]} Qxf4+ {[%clk 0:15:40]} 0-1

[Event "1SM"]
[Site "Sharjah Chess Club"]
[Date "2017.03.28"]
[Round "6.35"]
[White "Dutta, Joydeep"]
[Black "Viani, Antonio Dcunha"]
[Result "0-1"]
[BlackElo "2410"]
[WhiteElo "2145"]
[LiveChessVersion "1.4.8"]

1. d4 {[%clk 1:38:35]} Nf6 {[%clk 1:40:23]} 2. c4 {[%clk 1:37:42]} g6
{[%clk 1:40:36]} 3. Nc3 {[%clk 1:38:06]} Bg7 {[%clk 1:40:56]} 4. e4
{[%clk 1:37:58]} d6 {[%clk 1:41:18]} 5. f3 {[%clk 1:33:35]} O-O {[%clk 1:41:09]}
6. Be3 {[%clk 1:33:58]} Nbd7 {[%clk 1:41:16]} 7. Qd2 {[%clk 1:31:54]} c5
{[%clk 1:40:45]} 8. Nge2 {[%clk 1:32:00]} a6 {[%clk 1:35:37]} 9. Rd1
{[%clk 1:29:23]} Qa5 {[%clk 1:32:37]} 10. Nd5 {[%clk 1:19:56]} Qxd2+
{[%clk 1:31:25]} 11. Rxd2 {[%clk 1:09:19]} Nxd5 {[%clk 1:31:37]} 12. cxd5
{[%clk 1:09:41]} c4 {[%clk 1:29:24]} 13. Rc2 {[%clk 0:51:29]} b5 {[%clk 1:23:11]}
14. b3 {[%clk 0:51:37]} Nb6 {[%clk 1:22:43]} 15. Nc1 {[%clk 0:51:21]} Bd7
{[%clk 0:56:22]} 16. bxc4 {[%clk 0:42:42]} bxc4 {[%clk 0:56:39]} 17. Ne2
{[%clk 0:31:18]} Rab8 {[%clk 0:44:16]} 18. Nc3 {[%clk 0:25:02]} Na4
{[%clk 0:39:36]} 19. Kd2 {[%clk 0:11:04]} Nxc3 {[%clk 0:33:08]} 20. Kxc3
{[%clk 0:11:11]} Rfc8 {[%clk 0:25:28]} 21. Be2 {[%clk 0:10:04]} e6
{[%clk 0:17:10]} 22. dxe6 {[%clk 0:04:51]} Bxe6 {[%clk 0:17:34]} 23. Rhc1
{[%clk 0:04:36]} d5 {[%clk 0:16:18]} 24. exd5 {[%clk 0:03:47]} Bxd5
{[%clk 0:15:47]} 25. Rb2 {[%clk 0:03:26]} Rb5 {[%clk 0:13:05]} 26. Rcb1
{[%clk 0:00:49]} Ra5 {[%clk 0:10:25]} 27. Rb8 {[%clk 0:01:11]} Ra3+
{[%clk 0:10:40]} 28. Kd2 {[%clk 0:01:39]} Rxa2+ {[%clk 0:10:43]} 29. Ke1
{[%clk 0:01:26]} Rf8 {[%clk 0:10:54]} 30. Rxf8+ {[%clk 0:00:52]} Kxf8
{[%clk 0:09:21]} 31. Rb8+ {[%clk 0:00:43]} Ke7 {[%clk 0:09:44]} 32. Rc8
{[%clk 0:00:51]} a5 {[%clk 0:08:42]} 33. Rc5 {[%clk 0:00:58]} Ke6
{[%clk 0:08:54]} 34. Bxc4 {[%clk 0:00:51]} Bxc4 {[%clk 0:09:13]} 35. Rxc4
{[%clk 0:01:19]} Rxg2 {[%clk 0:09:19]} 36. Ra4 {[%clk 0:01:20]} Bf8
{[%clk 0:08:14]} 37. Rxa5 {[%clk 0:01:18]} Rxh2 {[%clk 0:07:48]} 38. Kf1
{[%clk 0:01:11]} Bd6 {[%clk 0:05:36]} 39. Ra6 {[%clk 0:01:34]} Rh5
{[%clk 0:05:53]} 40. Ke2 {[%clk 0:00:50]} Rb5 {[%clk 0:06:04]} 41. Bf4
{[%clk 0:00:34]} Rd5 {[%clk 0:06:27]} 42. Ke3 {[%clk 0:00:37]} g5
{[%clk 0:06:34]} 43. Bh2 {[%clk 0:00:31]} h5 {[%clk 0:06:44]} 44. Ke4
{[%clk 0:00:40]} f5+ {[%clk 0:06:46]} 45. Ke3 {[%clk 0:01:00]} h4
{[%clk 0:06:34]} 46. Be5 {[%clk 0:01:21]} g4 {[%clk 0:05:51]} 47. fxg4
{[%clk 0:01:38]} fxg4 {[%clk 0:06:17]} 48. Kf4 {[%clk 0:01:35]} Rxd4+ 49. Ke3
Kxe5 50. Kxd4+ 0-1